000 00464nam a2200181Ia 4500
001 3563
005 20260306145652.0
008 260306t2007||||xx |||||||||||||| ||spa||
041 _aESP
082 _a289.5
_bM22
100 _aManzone, Gianni
_eAUT
245 0 _aLa responsabilidad en la empresa:
_bbusiness ethics y doctrina social de la iglesia en diálogo
260 _c2007
300 _a
_c
650 _aGEN
654 _aCHU
942 _cLIB
_dJUS
_fJUS
_2ddc
_n
999 _c3563
_d3563